| 000 | 01875cim a2200433 a 4500 | ||
|---|---|---|---|
| 001 | data | ||
| 005 | 20260322212118.0 | ||
| 007 | data | ||
| 008 | data | ||
| 035 | _a22883984 | ||
| 906 |
_a7 _bcbc _ccopycat _d2 _encip _f20 _gy-soundrec |
||
| 925 | 0 |
_aacquire _b2 shelf copies _xpolicy default |
|
| 010 |
_a 2022627364 _zr 65000724 |
||
| 028 | 0 | 2 |
_aW 1561 _bWarner Bros. Records |
| 035 | _a(OCoLC)1109168372 | ||
| 040 |
_aUMK _beng _cUMK _dDLC _dOCLCQ _dOCLCO _dDLC |
||
| 042 | _alccopycat | ||
| 050 | 0 | 0 | _aWarner Bros. W 1561 |
| 100 | 0 |
_aPlato, _eauthor. |
|
| 240 | 1 | 0 |
_aWorks. _kSelections. _lEnglish. _f1964 |
| 245 | 1 | 0 |
_aJackie Barnett presents Poitier meets Plato / _cmusic composed and conducted by Fred Katz. |
| 246 | 3 | 0 | _aPoitier meets Plato |
| 260 |
_a[Burbank, Calif.] : _bWarner Bros. Records, _c[1964] |
||
| 300 |
_a1 audio disc : _banalog, 33 1/3 rpm, mono ; _c12 in. |
||
| 336 |
_aspoken word _bspw _2rdacontent |
||
| 337 |
_aaudio _bs _2rdamedia |
||
| 338 |
_aaudio disc _bsd _2rdacarrier |
||
| 500 | _aReadings from Plato with incidental music. | ||
| 500 | _aProgram notes on container. | ||
| 505 | 0 | _aThe philosopher -- king must rule (2:27) -- This I know -- that I know nothing (3:00) -- Contribution of music and gymnastics (3:13) -- Immorality of the soul (4:20) -- The Greeks had words for it (3:50) -- Our world is a cave (3:50) -- Woman's place in society (3:27) -- Discovery of the good life (4:30) -- Only the wise are brave (1:58) -- The penalty is death (3:03). | |
| 511 | 0 | _aSidney Poitier, speaker ; with orchestra conducted by Fred Katz. | |
| 650 | 0 | _aPhilosophy. | |
| 650 | 6 | _aPhilosophie. | |
| 650 | 7 |
_aphilosophy. _2aat |
|
| 650 | 7 |
_aPhilosophy. _2fast _0(OCoLC)fst01060777 |
|
| 700 | 1 |
_aPoitier, Sidney, _eperformer. |
|
| 700 | 1 |
_aKatz, Fred, _d1919-2013, _econductor. _econductor. |
|
| 999 |
_c1793 _d1793 |
||